书目信息 |
| 题名: |
电站锅炉性能试验原理方法及计算
|
|
| 作者: | 赵振宇 , 赵振宙 , 张清峰 编著 | |
| 分册: | ||
| 出版信息: | 北京 中国电力出版社 2010.12 |
|
| 页数: | 316页 | |
| 开本: | 26cm | |
| 丛书名: | ||
| 单 册: | ||
| 中图分类: | TM621.2 | |
| 科图分类: | ||
| 主题词: | 火电厂--huo dian chang--锅炉--性能试验 | |
| 电子资源: | ||
| ISBN: | 978-7-5123-1119-0 | |
| 000 | 01443nam0 2200289 450 | |
| 001 | 296288 | |
| 005 | 20110723092142.70 | |
| 010 | @a978-7-5123-1119-0@dCNY43.00 | |
| 100 | @a20110221d2010 km y0chiy50 ea | |
| 101 | 0 | @achi |
| 102 | @aCN@b110000 | |
| 105 | @aak a 000yy | |
| 106 | @ar | |
| 200 | 1 | @a电站锅炉性能试验原理方法及计算@Adian zhan guo lu xing neng shi yan yuan li fang fa ji ji suan@f赵振宇, 张清峰, 赵振宙编著 |
| 210 | @a北京@c中国电力出版社@d2010.12 | |
| 215 | @a316页@c图@d26cm | |
| 320 | @a有书目 (第315-316页) | |
| 330 | @a电站锅炉性能试验更重要的功能是指导节能减排生产实践。这就要求我们对电站锅炉的性能及性能试验本质有充分的了解,只有测得准、算得对,才能把生产实践引向正确的方向。本书以我国电站锅炉性能试验标准体系与ASME蒸汽锅炉性能试验系列标准作为研究重点,介绍了电站锅炉性能试验原理,以及这两个性能试验标准体系在应用性能试验原理时所采取的具体思路、计算模型、细节处理及应用条件等,解释了各标准、各版本之间的差异,并配备了典型的计算程序样例及计算框图,以便使读者对此有彻底的了解,可以根据自己的不同需求,灵活应用。 | |
| 333 | @a可供电站锅炉性能试验人员、电厂节能管理人员及电厂运行人员使用,也可供高等院校热能与动力工程相关师生参考。 | |
| 586 | @a | |
| 606 | 0 | @a火电厂@Ahuo dian chang@x锅炉@x性能试验 |
| 690 | @aTM621.2@v5 | |
| 701 | 0 | @a赵振宇@Azhao zhen yu@4编著 |
| 701 | 0 | @a赵振宙@Azhao zhen zhou@4编著 |
| 701 | 0 | @a张清峰@Azhang qing feng@4编著 |
| 801 | 0 | @aCN@c20110610 |
| 905 | @dTM621.2@eZ340 | |
| 电站锅炉性能试验原理方法及计算/赵振宇, 张清峰, 赵振宙编著.-北京:中国电力出版社,2010.12 |
| 316页:图;26cm |
| 使用对象:可供电站锅炉性能试验人员、电厂节能管理人员及电厂运行人员使用,也可供高等院校热能与动力工程相关师生参考。 |
| ISBN 978-7-5123-1119-0:CNY43.00 |
| 电站锅炉性能试验更重要的功能是指导节能减排生产实践。这就要求我们对电站锅炉的性能及性能试验本质有充分的了解,只有测得准、算得对,才能把生产实践引向正确的方向。本书以我国电站锅炉性能试验标准体系与ASME蒸汽锅炉性能试验系列标准作为研究重点,介绍了电站锅炉性能试验原理,以及这两个性能试验标准体系在应用性能试验原理时所采取的具体思路、计算模型、细节处理及应用条件等,解释了各标准、各版本之间的差异,并配备了典型的计算程序样例及计算框图,以便使读者对此有彻底的了解,可以根据自己的不同需求,灵活应用。 |
| ● |
| 相关链接 |
|
|
|
正题名:电站锅炉性能试验原理方法及计算
索取号:TM621.2/Z340
 
预约/预借
| 序号 | 登录号 | 条形码 | 馆藏地/架位号 | 状态 | 备注 |
| 1 | 887965 | 208879659 | 自科库301/301自科库 15排2列1层/ [索取号:TM621.2/Z340] | 在馆 | |
| 2 | 887966 | 208879668 | 期刊室512/301自科库 10排4列1层/ [索取号:TM621.2/Z340] | 在馆 | |
| 3 | 887967 | 208879677 | 期刊室512/301自科库 10排4列1层/ [索取号:TM621.2/Z340] | 在馆 |